000 00539nam a2200217Ia 4500
005 20250718145508.0
008 008 250715s9999 xx 000 0 eng d
020 _a9788189059866 (Pbk)
037 _aTextual
040 _aFLL
_cFLL
041 _aeng
_2eng
084 _aY5926:3(W).2, Q8
_qFLL
100 _aTELTUMBDE Anand
245 0 _aRepublic of caste
250 _a1st
260 _bNew Delhi Navayana publication India
_c2022
300 _a432 ill
365 _b599
942 _cTEXL
999 _c1433916
_d1433916